The nature of mathematical modeling (Record no. 2510)

MARC details
000 -LEADER
fixed length control field 00414nam a2200145Ia 4500
008 - FIXED-LENGTH DATA ELEMENTS--GENERAL INFORMATION
fixed length control field 130318s9999 xx 000 0 und d
020 ## - INTERNATIONAL STANDARD BOOK NUMBER
International Standard Book Number 9780521210508
082 ## - DEWEY DECIMAL CLASSIFICATION NUMBER
Classification number 511.8 GER/N
100 ## - MAIN ENTRY--PERSONAL NAME
Personal name Gershenfeld, Neil
245 ## - TITLE STATEMENT
Title The nature of mathematical modeling
260 ## - PUBLICATION, DISTRIBUTION, ETC.
Name of publisher, distributor, etc. Cambridge University Press
Place of publication, distribution, etc. NewYork
Date of publication, distribution, etc. 1999
300 ## - PHYSICAL DESCRIPTION
Extent 344
650 ## - SUBJECT ADDED ENTRY--TOPICAL TERM
Topical term or geographic name entry element MATHEMATICAL MODELLING
650 ## - SUBJECT ADDED ENTRY--TOPICAL TERM
Topical term or geographic name entry element NUMERICAL METHODS IN MODELLING
Holdings
Withdrawn status Lost status Damaged status Not for loan Home library Current library Shelving location Date acquired Cost, normal purchase price Total Checkouts Full call number Barcode Date last seen Date last checked out Price effective from Koha item type
        Kerala University of Digital Sciences, Innovation and Technology Knowledge Centre Kerala University of Digital Sciences, Innovation and Technology Knowledge Centre Mathematics 18/03/2013 1881.00 2 511.8 GER/N 2530 03/12/2020 13/09/2013 18/03/2013 Books